00389cam a22001217a 4500008004000000082001700040100001800057245009900075260002600174300000900200650002200209650003600231180718b1975 xxu||||| |||| 00| 0 eng d aC43x54 Se55r aSen, Ashok K. aRole of governors in the emerging pattern of central-state relations in Indiacby Ashok K. Sen aDelhibNationalc1975 a75p. aGovernors - India aFederal-state relations - India